<?xml version="1.0" encoding="UTF-8"?>
<record
    xmlns:xsi="http://www.w3.org/2001/XMLSchema-instance"
    xsi:schemaLocation="http://www.loc.gov/MARC21/slim http://www.loc.gov/standards/marcxml/schema/MARC21slim.xsd"
    xmlns="http://www.loc.gov/MARC21/slim">

  <leader>01992nas a2200277Ia 4500</leader>
  <controlfield tag="001">R200-R1717</controlfield>
  <controlfield tag="003">IT-CnALBA</controlfield>
  <controlfield tag="008">170116c99999999xx ||||||||||||   ||und||</controlfield>
  <datafield tag="040" ind1=" " ind2=" ">
    <subfield code="a">IT-CnALBA</subfield>
    <subfield code="c">IT-CnALBA</subfield>
  </datafield>
  <datafield tag="041" ind1=" " ind2=" ">
    <subfield code="a">ITALIANO</subfield>
  </datafield>
  <datafield tag="100" ind1=" " ind2=" ">
    <subfield code="a">GALLAS ALBERTO</subfield>
  </datafield>
  <datafield tag="210" ind1=" " ind2=" ">
    <subfield code="a">RASSEGNA DI TEOLOGIA</subfield>
  </datafield>
  <datafield tag="222" ind1=" " ind2=" ">
    <subfield code="a">RASSEGNA DI TEOLOGIA</subfield>
  </datafield>
  <datafield tag="245" ind1=" " ind2="0">
    <subfield code="a">RASSEGNA DI TEOLOGIA. N. III ANNO XXX MAGGIO GIUGNO 1989. RIVISTA PER UN AGGIORNAMENTO CRISTIANO TEORICO E PRATICO. </subfield>
    <subfield code="b"> RIVISTA PER UN AGGIORNAMENTO CRISTIANO TEORICO E PRATICO</subfield>
  </datafield>
  <datafield tag="250" ind1=" " ind2=" ">
    <subfield code="a">1a ed.</subfield>
  </datafield>
  <datafield tag="260" ind1=" " ind2=" ">
    <subfield code="a">ROMA</subfield>
    <subfield code="b">AVE, ANONIMA VERITA'S EDITRICE</subfield>
    <subfield code="c">1989</subfield>
  </datafield>
  <datafield tag="300" ind1=" " ind2=" ">
    <subfield code="a">96 p. </subfield>
  </datafield>
  <datafield tag="310" ind1=" " ind2=" ">
    <subfield code="a">BIMESTRALE</subfield>
  </datafield>
  <datafield tag="362" ind1=" " ind2=" ">
    <subfield code="a">Fascicolo: 3 / Anno: 30 (1989)</subfield>
  </datafield>
  <datafield tag="500" ind1=" " ind2=" ">
    <subfield code="a">CHIESA CATTOLICA IN CINA. PROPOSTA DI BONHOFFER, CONCILIO DELLA PACE. TEOLOGIA DELLA PAROLA. ENCICLICA DIGNIT&#xC0; DELLA DONNA MULIERIS DIGNITATEM DI GIOVANNI PAOLO II. CONVEGNO SUL DIAVOLO. FORUM ATI, ASSOCIAZIONE TEOLOGICA ITALIANA, ATI, NORD ATI CENTRO ATI SUD. CRISTIANESIMO STORIA TEOLOGIA. TEOLOGIA NELLA LETTERATURA. XIII CONGRESSO NAZIONALE, PROGRAMMA E AVVERTENZE. GUGLIELMETTI P. M. KRAHE M. J. COSTA E. SATURNINO MURATORE DIRETTORE. ANTONIO BARRUFFO RESPONSABILE. SARTORI L. GALANTINO N. VALENTINI D. ALBERIGO G. QUINZIO S. </subfield>
  </datafield>
  <datafield tag="501" ind1=" " ind2=" ">
    <subfield code="a">Societ&#xE0; San Paolo EM - Piazza San Paolo, 14 - 12051 ALBA (CN)  (non commercial uses only) &#xAE; Copyright 2017</subfield>
  </datafield>
  <datafield tag="520" ind1=" " ind2=" ">
    <subfield code="a">CHIESA CATTOLICA IN CINA. PROPOSTA DI BONHOFFER, CONCILIO DELLA PACE. TEOLOGIA DELLA PAROLA. ENCICLICA DIGNIT&#xC0; DELLA DONNA MULIERIS DIGNITATEM DI GIOVANNI PAOLO II. CONVEGNO SUL DIAVOLO. FORUM ATI, ASSOCIAZIONE TEOLOGICA ITALIANA, ATI, NORD ATI CENTRO ATI SUD. CRISTIANESIMO STORIA TEOLOGIA. TEOLOGIA NELLA LETTERATURA. XIII CONGRESSO NAZIONALE, PROGRAMMA E AVVERTENZE. GUGLIELMETTI P. M. KRAHE M. J. COSTA E. SATURNINO MURATORE DIRETTORE. ANTONIO BARRUFFO RESPONSABILE. SARTORI L. GALANTINO N. VALENTINI D. ALBERIGO G. QUINZIO S. </subfield>
  </datafield>
  <datafield tag="650" ind1=" " ind2=" ">
    <subfield code="a">TEOLOGIA - SCIENZE UMANE</subfield>
  </datafield>
  <datafield tag="942" ind1=" " ind2=" ">
    <subfield code="c">CR</subfield>
  </datafield>
  <datafield tag="957" ind1=" " ind2=" ">
    <subfield code="7">1</subfield>
  </datafield>
  <datafield tag="999" ind1=" " ind2=" ">
    <subfield code="a">11695</subfield>
    <subfield code="b">NO</subfield>
    <subfield code="g">1</subfield>
    <subfield code="c">319792</subfield>
    <subfield code="d">319792</subfield>
  </datafield>
  <datafield tag="952" ind1=" " ind2=" ">
    <subfield code="0">0</subfield>
    <subfield code="1">0</subfield>
    <subfield code="4">0</subfield>
    <subfield code="6">R_200R1717</subfield>
    <subfield code="7">1</subfield>
    <subfield code="a">ALBA</subfield>
    <subfield code="b">ALBA</subfield>
    <subfield code="d">2017-01-16</subfield>
    <subfield code="l">0</subfield>
    <subfield code="o">R200-R1717</subfield>
    <subfield code="r">2017-01-16 00:00:00</subfield>
    <subfield code="w">2017-01-16</subfield>
    <subfield code="y">CR</subfield>
    <subfield code="z">(data import: 16 gennaio 2017) - By Epidotti, Vaglietti. </subfield>
  </datafield>
</record>
